| 000 | 00706nam a22001937a 4500 | ||
|---|---|---|---|
| 005 | 20240409071354.0 | ||
| 008 | 130821s1943 enk gr eng | ||
| 040 |
_aCo-BoUCM _bspa _cDavid Moreno (modificó) _dDavid Moreno (modificó) |
||
| 041 | 0 | 0 | _aeng |
| 100 | 1 |
_aSanders, J. N. _9170953 |
|
| 245 | 1 | 4 |
_aThe fourth gospel in the early church _bits origin e influence on christian theology up to irenacus _cBy J. N. Sanders |
| 260 |
_aCambridge (Inglaterra) _bAt The University Press _c1943 |
||
| 300 | _a92 Páginas | ||
| 500 | _aIncluye índice | ||
| 650 | 1 | 4 |
_aCristianismo _912174 |
| 650 | 1 | 4 |
_aTeología _925230 |
| 942 |
_cLIBRO _a4 _e1 _mS15f _n0 _2DEWEY _h226 |
||
| 999 |
_c86591 _d86591 |
||